Integration of activity in the higher plant (Record no. 27083)

MARC details
000 -LEADER
fixed length control field 00674nam a2200229Ia 4500
082 ## - DEWEY DECIMAL CLASSIFICATION NUMBER
Classification number 581.1
Item number JEN
245 #0 - TITLE STATEMENT
Title Integration of activity in the higher plant
260 ## - PUBLICATION, DISTRIBUTION, ETC. (IMPRINT)
Place of publication Cambridge
Name of publisher Cambrdige University Press
Year of publication 1977
490 ## - SERIES STATEMENT
Series statement Symposia of the Society for experimental biology. No 31
650 ## - SUBJECT ADDED ENTRY--TOPICAL TERM
Topical Term Apical dominance
650 ## - SUBJECT ADDED ENTRY--TOPICAL TERM
Topical Term Carbondioxide fixation
650 ## - SUBJECT ADDED ENTRY--TOPICAL TERM
Topical Term Growth substance
650 ## - SUBJECT ADDED ENTRY--TOPICAL TERM
Topical Term Higher plant
650 ## - SUBJECT ADDED ENTRY--TOPICAL TERM
Topical Term Ion content
650 ## - SUBJECT ADDED ENTRY--TOPICAL TERM
Topical Term Leaf metabolism
650 ## - SUBJECT ADDED ENTRY--TOPICAL TERM
Topical Term Physiological rhythm
650 ## - SUBJECT ADDED ENTRY--TOPICAL TERM
Topical Term Solute transport
650 ## - SUBJECT ADDED ENTRY--TOPICAL TERM
Topical Term Stomatal function
700 ## - ADDED ENTRY--PERSONAL NAME
Personal name JENNINGS, D H
942 ## - ADDED ENTRY ELEMENTS (KOHA)
Koha item type Books
Holdings
Withdrawn status Lost status Damaged status Not for loan Home library Current library Date acquired Full call number Accession Number Koha item type
        RRII Library RRII Library 16/12/2021 581.1 JEN 07714 Books